| 000 | 01170nam a2200301Ia 4500 | ||
|---|---|---|---|
| 003 | OSt | ||
| 005 | 20221007121847.0 | ||
| 006 | a|||||r|||| 00| 0 | ||
| 007 | ta | ||
| 008 | 221006b |||||||| |||| 00| 0 eng d | ||
| 020 |
_a1555812694 (pbk) _cRs.995.00 |
||
| 024 | _a11768 | ||
| 037 |
_bBiotek, _cTextual |
||
| 040 |
_aBDL _cBDL _beng |
||
| 041 |
_2eng _aeng |
||
| 082 | _aG11:(F), P3 | ||
| 100 |
_aGlick Bernard R _9435496 |
||
| 245 | 0 |
_aMolecular biotechnology: principles and applications of recombinant DNA by Bernard R Glick and Jack J Pasternak _b Pasternak Jack J |
|
| 250 | _aEd 3 | ||
| 260 |
_aWashington _bASM Press _c2003 |
||
| 300 |
_axxiii, 760p _ccm. |
||
| 500 | _aIncludes bibliographical references; Glossary 707-732p; Index 733-760p; ^n23/CSL/CARB/2003-2004/1117^d2004-01-09^mPurchase; ; 2003-04/668^b2004-01-15^c351^d2004-01-09^eRs.1,400.00^fBiotek Book Company; ; 2004-05-11^bSB^c2004-05-11^dVinay | ||
| 650 |
_a Molecular biotechnology _9713058 |
||
| 650 | _aBiology | ||
| 700 | _a Pasternak Jack J | ||
| 942 |
_hG11:(F), P3 _cTEXL _2CC |
||
| 999 |
_c1209453 _d1209453 |
||